México: Un "Plan Nacional" sin desarrollo. (La parábola de "cuál Juan") /

Αποθηκεύτηκε σε:
Λεπτομέρειες βιβλιογραφικής εγγραφής
Κύριος συγγραφέας: Martinez Escamilla, Ramón
Μορφή: Κείμενο
Θέματα:
Ετικέτες: Προσθήκη ετικέτας
Δεν υπάρχουν, Καταχωρήστε ετικέτα πρώτοι!

MARC

LEADER 00000 a a2200000 04500
001 45922
003
040
090 |a REV0657 (81) 1995  
100 |a Martinez Escamilla, Ramón  
245 |a México:  |b Un "Plan Nacional" sin desarrollo. (La parábola de "cuál Juan") /  |c Ramón Martínez Escamilla  
650 |a MEXICO  
650 |a ECONOMIA  
773 |g número81 (1995), páginas 35  
999 |c 29036  |d 29036